00475nam a2200193Ia 450000500170000000800410001704000190005804100120007708200130008910000180010224500490012026000260016930000160019544000210021165000120023265100100024470000170025485000100027120240606095341.0131103s9999 xx 000 0 und d aLoreto College aEnglish a570bHOL aHolmes, Brian 4aThe water we usecBrian Holmes & mary Holmes aLondonbMethuenc1955 a75p.b ill. aLife and science aBiology aWater aHolmes, Mary aLCBED